[Event "SVK-ch U16"]
[Site "Stara Lubovna"]
[Date "2021.07.02"]
[Round "8"]
[White "Pramuk, Filip"]
[Black "Misenko, Simon"]
[Result "1/2-1/2"]
[WhiteElo "1000"]
[BlackElo "1000"]
[PlyCount "75"]
[EventDate "2021.06.26"]
[EventType "swiss"]
[EventRounds "9"]
[EventCountry "SVK"]
[SourceTitle "CBM 203 Extra"]
[Source "ChessBase"]
[SourceDate "2021.09.30"]
[SourceVersion "1"]
[SourceVersionDate "2021.09.30"]
[SourceQuality "1"]

1. d4 d5 2. c4 dxc4 3. e4 Nf6 4. Nc3 e6 5. Bxc4 Nc6 6. Bb5 Bd7 7. Bxc6 Bxc6 8. Nf3 Be7 9. 0-0 0-0 10. e5 Nd5 11. Qd3 Nxc3 12. bxc3 Bxf3 13. Qxf3 Bg5 14. Qxb7 Bxc1 15. Raxc1 Qb8 16. Qxb8 Raxb8 17. Rb1 h6 18. f4 Rb6 19. g4 Rfb8 20. Rxb6 Rxb6 21. f5 Rb2 22. fxe6 fxe6 23. a4 Rc2 24. Rf3 Ra2 25. h4 Rxa4 26. g5 hxg5 27. hxg5 Ra3 28. g6 Ra1+ 29. Kf2 Rc1 30. Ke2 Rg1 31. c4 Rxg6 32. Ra3 Rg4 33. Rxa7 Rxd4 34. Rxc7 Re4+ 35. Kd3 Rxe5 36. Kd4 Rh5 37. c5 Rd5+ 38. Ke4 1/2-1/2